Catálogo

LEGISLACION AGRARIA (Registro nro. 30743)

Detalles MARC
000 -LEADER
fixed length control field 00455nam a2200181 a 4500
001 - CONTROL NUMBER
control field 30743
005 - DATE AND TIME OF LATEST TRANSACTION
control field 20180713234025.0
008 - FIXED-LENGTH DATA ELEMENTS--GENERAL INFORMATION
fixed length control field 140415s2008 000 0 spa d
020 ## - INTERNATIONAL STANDARD BOOK NUMBER
International Standard Book Number 9780773957
041 ## - LANGUAGE CODE
Language code of text/sound track or separate title spa
082 ## - DEWEY DECIMAL CLASSIFICATION NUMBER
Classification number 346.72074
Item number MEX
100 1# - MAIN ENTRY--PERSONAL NAME
Personal name DE PINA GARCIA, JUAN PABLO
245 10 - TITLE STATEMENT
Title LEGISLACION AGRARIA
250 ## - EDITION STATEMENT
Edition statement 18ª EDICIÓN
260 ## - PUBLICATION, DISTRIBUTION, ETC.
Place of publication, distribution, etc. [s.l.] :
Name of publisher, distributor, etc. PORRUA,
Date of publication, distribution, etc. 2008
300 ## - PHYSICAL DESCRIPTION
Extent 417
Dimensions 12 x 3 x 17
520 ## - SUMMARY, ETC.
Summary, etc. RP
Existencias
Withdrawn status Lost status Source of classification or shelving scheme Damaged status Not for loan Collection code Home library Current library Shelving location Date acquired Source of acquisition Total Checkouts Full call number Barcode Price effective from Koha item type
    Dewey Decimal Classification   Consulta en sala General Tehuacán Tehuacán Sala general 03/12/2013 Compra   346.72074 MEX 505300 03/12/2013 Reserva permanente